| 000 | 01261nam a2200325 a 4500 | ||
|---|---|---|---|
| 001 | 000110538 | ||
| 003 | CHAP | ||
| 005 | 20220329144137.0 | ||
| 008 | 140909s2014 mx | |sm |||||||spa|d | ||
| 010 | _a107000 | ||
| 011 | _a107972 | ||
| 040 | _cCHAP | ||
| 090 | _aTesis | ||
| 100 | 1 |
_aGirón Gómez, Blenda Sinahi _9128330 |
|
| 245 | 1 | 0 |
_aEstrés térmico, nutrición divergente y tercer tercio de gestación en ovejas: _h[En línea] _befectos sobre la concentración sérica de colesterol y los pesos de la camada al nacimiento. / _cpor Blenda Sinahi Girón Gómez. |
| 260 |
_aBermejillo, Dgo. : _bEl autor, _c2014. |
||
| 500 | _aPara ver el contenido del material haga clic en la liga | ||
| 502 | _aTesis (Ing. en Sistemas Pecuarios) -- UACH. Unidad Regional Universitaria de Zonas Áridas | ||
| 590 |
_aBATCH-UPD _b05 _c20141002 _lUCH01 _h0905 |
||
| 590 |
_aE792CSJ _b05 _c20140909 _lUCH01 _h1059 |
||
| 590 |
_aE792CSJ _b05 _c20140909 _lUCH01 _h1059 |
||
| 650 | 1 | 4 |
_aColesterol. _925130 |
| 650 | 1 | 4 |
_aEstrés termico. _938474 |
| 650 | 1 | 4 |
_aGanado lanar _xFecundidad. _945181 |
| 650 | 1 | 4 |
_aGanado lanar _xNutrición. _945205 |
| 856 |
_aFinding aid _uhttp://10.13.5.2/tesis/sist110538.pdf _zTeclea aquí |
||
| 901 | _aBK | ||
| 942 | _cTESIS | ||
| 942 | _n0 | ||
| 999 |
_c107000 _d107000 |
||